000 00364nam a2200157Ia 4500
005 20240807062420.0
008 240806s9999||||xx |||||||||||||| ||eng||
041 _aeng
082 _a891.433
_bMITC
100 _aVimal Mitra
245 0 _aChali piya ke desh /
_cVimal Mitra
260 _bSanmarg Prakashan Delhi
300 _a0
650 _aHindi
942 _cBK
999 _c18309
_d18309